000 00458nam a2200193Ia 4500
005 20240823041658.0
008 240823s9999||||xx |||||||||||||| ||und||
041 _aENGLISH
082 _A380.1 N1
100 _aRayudu C S
245 0 _aMarketing and Sales Management
250 _a1st
260 _c1991
_b"Sterling,New Delhi"
500 _aYES
650 _aManagement
_bManagement Studies
700 _a Balan K R
942 _cBK
999 _c206076
_d206076